| 000 | 01018nam a2200277Ia 4500 | ||
|---|---|---|---|
| 001 | Para_10011 | ||
| 003 | CHAP | ||
| 008 | 220125sAgos xx 000 0 und d | ||
| 010 | _a208699 | ||
| 040 | _cCHAP | ||
| 090 | _aPA CD - TESIS 92 | ||
| 100 |
_aMontero Jiménez, Alan _977818 |
||
| 245 |
_aPlagas del Mango (Mangifera indica L.) en Chahuites, Oaxaca; y efecto de paclobutrazol en el desarrollo vegetativo e inicio de la floración / _c Alan Montero Jiménez; Director Juan Fernando Solis Aguilar |
||
| 260 |
_aChapingo, Méx. : _b el autor |
||
| 300 | _a1 CDS ROM (55 p.) | ||
| 502 | _aTesis (Ing. Agr. Esp. en Parasitología Agrícola). UACh. Departamento Parasitología Agrícola | ||
| 700 |
_aSolís Aguilar, Juan Fernando _9108424 |
||
| 710 |
_aUACh. Departamento Parasitología Agrícola _9164025 |
||
| 901 | _aPA CD - TESIS 92 | ||
| 902 | _aM | ||
| 905 | _a513220Agosto, 2011 mn 8100000000 06 | ||
| 910 | _aAgos | ||
| 942 | _cPARA | ||
| 942 |
_cPARA _d2 |
||
| 999 |
_c208699 _d208699 |
||